000 00711cam a2200217 4500
001 ##M1708
008 090401t1995 xxu||||| |||| 00| 0 eng d
035 _a(Sirsi) u33880
041 0 _aeng
050 0 4 _a333.0062 $2 18
090 _aRICS 1995/13ABCD
110 2 _aRoyal Institution of Chartered Surveyors
_94900
245 0 4 _aThe members' accounts regulations 1993
260 _aLondon
_bRICS
_c1995
300 _a(4)p.
_c30cm.
490 0 _aRICS Standards and Practice Guidelines
651 4 _aUnited Kingdom
_y
690 _aABOUT RICS-RICS PROFESSIONAL REGULATION AND CONSUMER PROTECTION-RICS RULES OF CONDUCT-RICS RULES OF CONDUCT PART VII (MEMBERS' ACCOUNTS)
942 _n0
948 _c04/03/1997
999 _c89866
_d89866